000 00547nam a2200193 i 4500
001 141406
003 ES-MaACL
007 t|
008 070924q1953 sp ||||1| spa d
080 _a86-311.2"19"
100 1 _aVillarta, Angeles.
_9115149
245 1 0 _aMi vida en el manicomio /
_cAngeles Villarta.
260 _aMadrid :
_b[s.n.,
_c1953?]
300 _a207 p. ;
_c20 cm.
490 1 _aColección Las Gemelas ;
_v2
830 0 _aColección Las Gemelas ;
_v2
_9220406
852 _aES-MaACL
_jC-62487
_bR.34936
999 _c141406
_d141406